All Songs From Albums By The Who - Statistics

General Stats
  • This quiz has been taken 38 times
  • The average score is 60 of 155
Answer Stats
Answer % Correct
My Generation
96%
Baba O'Riley
88%
Pinball Wizard
88%
Who Are You
88%
Won't Get Fooled Again
81%
A Quick One, While He's Away
77%
Overture
77%
Quadrophenia
77%
Going Mobile
73%
I Can See for Miles
73%
Love, Reign o'er Me
73%
Underture
73%
1921
69%
Bargain
69%
Behind Blue Eyes
69%
Eminence Front
69%
Squeeze Box
69%
The Kids Are Alright
69%
The Real Me
69%
You
69%
You Better You Bet
69%
Armenia City in the Sky
65%
It's a Boy
65%
Slip Kid
65%
5:15
62%
Boris the Spider
62%
Doctor Jimmy
62%
Heinz Baked Beans
62%
I'm Free
62%
Athena
58%
Christmas
58%
Cousin Kevin
58%
Endless Wire
58%
Getting in Tune
58%
I Am the Sea
58%
It's Hard
58%
Love Ain't For Keeping
58%
Odorono
58%
The Acid Queen
58%
We're Not Gonna Take It
58%
A Legal Matter
54%
Blue Red and Grey
54%
Cut My Hair
54%
Go to the Mirror!
54%
How Many Friends
54%
My Wife
54%
Rael (1 and 2)
54%
Sister Disco
54%
The Ox
54%
The Punk and the Godfather
54%
Tommy's Holiday Camp
54%
The Rock
50%
The Song is Over
50%
Tommy Can You Hear Me?
50%
Bell Boy
46%
Cobwebs and Strange
46%
Fiddle About
46%
However Much I Booze
46%
Mary Anne With the Shaky Hand
46%
Out in the Street
46%
Smash the Mirror
46%
Whiskey Man
46%
Do You Think It's Alright?
42%
Dreaming From the Waist
42%
I'm One
42%
I Need You
42%
Sea and Sand
42%
Tattoo
42%
The Dirty Jobs
42%
Trick of the Light
42%
Amazing Journey
38%
Guitar and Pen
38%
I've Had Enough
38%
New Song
38%
Sparks
38%
The Hawker
38%
905
35%
A Man in a Purple Dress
35%
Another Tricky Day
35%
Cache Cache
35%
Did You Steal My Money?
35%
Drowned
35%
Had Enough
35%
Medac
35%
Music Must Change
35%
Please, Please, Please
35%
Run Run Run
35%
Sally Simpson
35%
Don't Let Go the Coat
31%
Heat Wave
31%
Helpless Dancer
31%
I Don't Mind
31%
Relax
31%
Sensation
31%
Sunrise
31%
Welcome
31%
Ball and Chain
27%
Hero Ground Zero
27%
How Can You Do It Alone?
27%
Imagine a Man
27%
I'm a Man
27%
La-La-La-Lies
27%
Miracle Cure
27%
So Sad About Us
27%
The Good's Gone
27%
There's a Doctor
27%
They Are All in Love
27%
Fragments
23%
I Don't Wanna Get Wise
23%
In a Hand or a Face
23%
I've Known No War
23%
Our Love Was
23%
See My Way
23%
The Quiet One
23%
Cook's County
19%
Cry If You Want
19%
Daily Records
19%
Detour
19%
Silas Stingy
19%
Success Story
19%
All This Music Must Fade
15%
Beads on One String
15%
Fragments of Fragments
15%
God Speaks of Marty Robbins
15%
I Can't Reach You
15%
Love is Coming Down
15%
Much Too Much
15%
Street Song
15%
Tea & Theatre
15%
Trilby's Piano
15%
A Man is a Man
12%
Dangerous
12%
Don't Look Away
12%
In the Ether
12%
Is It in My Head?
12%
It's Not True
12%
It's Your Turn
12%
Mike Post Theme
12%
One Life's Enough
12%
She Rocked My World
12%
Black Widow's Eyes
8%
Break the News
8%
I'll Be Back
8%
One at a Time
8%
We Got a Hit
8%
Why Did I Fall for That?
8%
It's Not Enough
4%
Mirror Door
4%
Pick Up the Peace
4%
Rockin' in Rage
4%
Sound Round
4%
They Made My Dream Come True
4%
Two Thousand Years
4%
Unholy Trinity
4%
You Stand By Me
4%
No matching quizzes found
Score Distribution
Percent of People with Each Score
Percentile by Number Answered
Your Score History
You have not taken this quiz